000 00591nam a22002177a 4500
005 20151114101532.0
008 151112b xxu||||| |||| 00| 0 eng d
020 _a9789380673639
_c300
040 _aLoreto College
041 _aEnglish
082 _a510
_bCHA
100 _aChatterjee, Dinabandhu
245 _aComprehensive degree mathematics volume-3
_cDinabandhu Chatterjee
250 _a2nd
260 _aKolkata
_bU.N. Dhur & Sons
_c2013
300 _axiv,various pagings
_b22cm
650 _aMathematics
700 _4Auth
_aPal, Bidyut Kumar
850 _aLCLIB
942 _cBK
999 _c40168
_d90647